000 00652cam a2200229 a 4500
001 426893
005 20180123045909.0
008 820105s1982 enk b 001 0 eng
010 _a 81021758
020 _a0521243475
040 _aDLC
_cDLC
_dDLC
041 _aeng
043 _ad------
080 _a363.96
082 0 0 _a363.96 WAR
_219
100 1 _a19
101 _aSHP
245 1 0 _aBitter pills :
_cDonald P. Warwick.
504 _aIncludes bibliographical references and index.
906 _a7
_bcbc
_corignew
_d1
_eocip
_f19
_gy-gencatlg
942 _2ddc
_cBK
999 _c40766
_d40766